<?xml version="1.0" encoding="UTF-8"?><?xml-stylesheet type="text/xsl" href="static/style.xsl"?><OAI-PMH xmlns="http://www.openarchives.org/OAI/2.0/" xmlns:xsi="http://www.w3.org/2001/XMLSchema-instance" xsi:schemaLocation="http://www.openarchives.org/OAI/2.0/ http://www.openarchives.org/OAI/2.0/OAI-PMH.xsd"><responseDate>2026-04-14T07:45:40Z</responseDate><request verb="GetRecord" identifier="oai:www.recercat.cat:10230/58392" metadataPrefix="marc">https://recercat.cat/oai/request</request><GetRecord><record><header><identifier>oai:recercat.cat:10230/58392</identifier><datestamp>2025-12-24T09:01:53Z</datestamp><setSpec>com_2072_6</setSpec><setSpec>col_2072_452952</setSpec></header><metadata><record xmlns="http://www.loc.gov/MARC21/slim" xmlns:dcterms="http://purl.org/dc/terms/" xmlns:xsi="http://www.w3.org/2001/XMLSchema-instance" xmlns:doc="http://www.lyncode.com/xoai" xsi:schemaLocation="http://www.loc.gov/MARC21/slim http://www.loc.gov/standards/marcxml/schema/MARC21slim.xsd">
   <leader>00925njm 22002777a 4500</leader>
   <datafield ind2=" " ind1=" " tag="042">
      <subfield code="a">dc</subfield>
   </datafield>
   <datafield ind2=" " ind1=" " tag="720">
      <subfield code="a">Maynou Pujolràs, Laia</subfield>
      <subfield code="e">author</subfield>
   </datafield>
   <datafield ind2=" " ind1=" " tag="720">
      <subfield code="a">Hernández-Pizarro, Helena M.</subfield>
      <subfield code="e">author</subfield>
   </datafield>
   <datafield ind2=" " ind1=" " tag="720">
      <subfield code="a">Errea Rodríguez, María</subfield>
      <subfield code="e">author</subfield>
   </datafield>
   <datafield ind2=" " ind1=" " tag="260">
      <subfield code="c">2023-11-28T07:07:30Z</subfield>
   </datafield>
   <datafield ind2=" " ind1=" " tag="260">
      <subfield code="c">2023-11-28T07:07:30Z</subfield>
   </datafield>
   <datafield ind2=" " ind1=" " tag="260">
      <subfield code="c">2021</subfield>
   </datafield>
   <datafield ind2=" " ind1=" " tag="520">
      <subfield code="a">Background: Physical activity is associated with mental health benefits. This systematic literature review summarises extant evidence regarding this association, and explores differences observed between populations over sixty-five years and those younger than sixty-five. Methods: We reviewed articles and grey literature reporting at least one measure of physical activity and at least one mental disorder, in people of all ages. Results: From the 2263 abstracts screened, we extracted twenty-seven articles and synthesized the evidence regarding the association between physical (in)activity and one or more mental health outcome measures. We confirmed that physical activity is beneficial for mental health. However, the evidence was mostly based on self-reported physical activity and mental health measures. Only one study compared younger and elder populations, finding that increasing the level of physical activity improved mental health for middle aged and elder women (no association was observed for younger women). Studies including only the elderly found a restricted mental health improvement due to physical activity. Conclusions: We found inverse associations between levels of physical activity and mental health problems. However, more evidence regarding the effect of ageing when measuring associations between physical activity and mental health is needed. By doing so, prescription of physical activity could be more accurately targeted.</subfield>
   </datafield>
   <datafield tag="653" ind2=" " ind1=" ">
      <subfield code="a">Systematic literature review</subfield>
   </datafield>
   <datafield tag="653" ind2=" " ind1=" ">
      <subfield code="a">Physical activity</subfield>
   </datafield>
   <datafield tag="653" ind2=" " ind1=" ">
      <subfield code="a">Diagnosed mental health</subfield>
   </datafield>
   <datafield tag="653" ind2=" " ind1=" ">
      <subfield code="a">Ageing</subfield>
   </datafield>
   <datafield tag="653" ind2=" " ind1=" ">
      <subfield code="a">Clinically relevant mental health</subfield>
   </datafield>
   <datafield ind2="0" ind1="0" tag="245">
      <subfield code="a">Differences between elder and younger populations: a systematic literature review</subfield>
   </datafield>
</record></metadata></record></GetRecord></OAI-PMH>